Mathematical aspects of superspace (Record no. 8352)
[ view plain ]
| 000 -LEADER | |
|---|---|
| fixed length control field | 00790nam a2200241Ia 4500 |
| 003 - CONTROL NUMBER IDENTIFIER | |
| control field | IN-BaIIA |
| 008 - FIXED-LENGTH DATA ELEMENTS--GENERAL INFORMATION | |
| fixed length control field | 211028s9999 xx 000 0 eng d |
| 020 ## - INTERNATIONAL STANDARD BOOK NUMBER | |
| International Standard Book Number | 90-277-1805-9 |
| 040 ## - CATALOGING SOURCE | |
| Transcribing agency | IIA Library |
| 080 ## - UNIVERSAL DECIMAL CLASSIFICATION NUMBER | |
| Universal Decimal Classification number | 531.5:51 |
| Item number | MAT |
| 245 #0 - TITLE STATEMENT | |
| Title | Mathematical aspects of superspace |
| Statement of responsibility, etc. | edited by H.-J. Seifert, C.J.S. Clarke, A. Rosenblum. |
| 260 ## - PUBLICATION, DISTRIBUTION, ETC. | |
| Place of publication, distribution, etc. | Dodrrecht |
| Name of publisher, distributor, etc. | D. Reidel Publishing |
| Date of publication, distribution, etc. | 1984 |
| 300 ## - PHYSICAL DESCRIPTION | |
| Extent | xii, 214p. |
| 650 ## - SUBJECT ADDED ENTRY--TOPICAL TERM | |
| Topical term or geographic name entry element | Gauge fields (Physics) |
| 9 (RLIN) | 14001 |
| 650 ## - SUBJECT ADDED ENTRY--TOPICAL TERM | |
| Topical term or geographic name entry element | Gauge fields (Physics) - congresses |
| 9 (RLIN) | 14002 |
| 650 ## - SUBJECT ADDED ENTRY--TOPICAL TERM | |
| Topical term or geographic name entry element | Supergravity |
| 9 (RLIN) | 11828 |
| 650 ## - SUBJECT ADDED ENTRY--TOPICAL TERM | |
| Topical term or geographic name entry element | Supergravity - congresses |
| 9 (RLIN) | 14003 |
| 650 ## - SUBJECT ADDED ENTRY--TOPICAL TERM | |
| Topical term or geographic name entry element | Supersymmetry - congresses |
| 9 (RLIN) | 14004 |
| 700 ## - ADDED ENTRY--PERSONAL NAME | |
| Personal name | Clarke, C. J. S., ed. |
| 9 (RLIN) | 14005 |
| 700 ## - ADDED ENTRY--PERSONAL NAME | |
| Personal name | Rosenblum, A., ed. |
| 9 (RLIN) | 14006 |
| 700 ## - ADDED ENTRY--PERSONAL NAME | |
| Personal name | Seifert H. J., ed. |
| 9 (RLIN) | 14007 |
| 942 ## - ADDED ENTRY ELEMENTS (KOHA) | |
| Koha item type | Books |
| Withdrawn status | Lost status | Damaged status | Not for loan | Home library | Current library | Shelving location | Date acquired | Total Checkouts | Full call number | Barcode | Date last seen | Price effective from | Koha item type |
|---|---|---|---|---|---|---|---|---|---|---|---|---|---|
| IIA Library-Bangalore | IIA Library-Bangalore | General Stacks | 10/07/1985 | 531.5:51/ MAT | 9200 | 05/11/2021 | 10/07/1985 | Books |